| Tag |
First Indicator |
Second Indicator |
Subfields |
| LEADER |
00000nmm a22000001a 4500 |
| 001 |
in00004622313 |
| 006 |
m|||||o||m|||||||| |
| 007 |
cr|cn |||uuuuu |
| 008 |
221118s2019 xxu||||eo|||| ||||||eng d |
| 005 |
20221207220617.5 |
| 035 |
|
|
|a (TxWaIVM)IV77230DyRe
|
| 040 |
|
|
|a TxWaIVM
|c TxWaIVM
|
| 245 |
0 |
0 |
|a Red Sonja & Vampirella Meet Betty & Veronica #7 /
|c powered by Library Pass.
|
| 260 |
3 |
|
|a [United States] :
|b Dynamite,
|c 2019.
|
| 300 |
|
|
|a 1 online resource.
|
| 336 |
|
|
|a text
|b txt
|2 rdacontent
|
| 337 |
|
|
|a computer
|b c
|2 rdamedia
|
| 338 |
|
|
|a online resource
|b cr
|2 rdacarrier
|
| 520 |
|
|
|a Get ready to boogie through time and space as Betty and Veronica find themselves on a trip to... Drakulon?!! Fresh off solving the murder spree in Riverdale, they take a ride with Vampirella and Red Sonja back to Vampi's home planet. Twin suns! Rivers of blood! Wicked sunburns in the making! You've never seen a spring break like this before. But is it a one-way ticket for the fantastic foursome? Stay tuned to find out!
|
| 521 |
|
|
|a 3
|
| 538 |
|
|
|a Requires a valid library card and registration for new users.
|
| 538 |
|
|
|a Mode of access: World Wide Web.
|
| 538 |
|
|
|a System requirements: Flash 10.1 or higher, Windows XP and higher, Internet Explorer 7 and higher, Firefox 3.6 and higher, Google Chrome; Max OS 10.5 and higher, Safari 4 and higher.
|
| 650 |
|
0 |
|a Comic books, strips, etc.
|
| 655 |
|
7 |
|a Electronic books.
|2 local
|
| 655 |
|
7 |
|a Comic books, strips, etc.
|2 gsafd
|
| 650 |
|
0 |
|a Biographical comic books, strips, etc.
|
| 655 |
|
7 |
|a Biographical comic books, strips, etc.
|2 gsafd
|
| 650 |
|
0 |
|a Fantasy comic books, strips, etc.
|
| 655 |
|
7 |
|a Fantasy comic books, strips, etc.
|2 gsafd
|
| 650 |
|
0 |
|a Horror comic books, strips, etc.
|
| 655 |
|
7 |
|a Horror comic books, strips, etc.
|2 gsafd
|
| 650 |
|
0 |
|a Comic books, strips, etc. --Women
|
| 655 |
|
7 |
|a Comic books, strips, etc. --Women
|2 gsafd
|
| 650 |
|
0 |
|a Literary
|
| 655 |
|
7 |
|a Literary
|2 gsafd
|
| 650 |
|
0 |
|a Underground comic books, strips, etc.
|
| 655 |
|
7 |
|a Underground comic books, strips, etc.
|2 gsafd
|
| 650 |
|
0 |
|a Erotic comic books, strips, etc.
|
| 655 |
|
7 |
|a Erotic comic books, strips, etc.
|2 gsafd
|
| 650 |
|
0 |
|a Science fiction comic books, strips, etc.
|
| 655 |
|
7 |
|a Science fiction comic books, strips, etc.
|2 gsafd
|
| 650 |
|
0 |
|a Fantasy comic books, strips, etc.
|
| 655 |
|
7 |
|a Fantasy comic books, strips, etc.
|2 gsafd
|
| 650 |
|
0 |
|a Fantasy comic books, strips, etc.
|
| 655 |
|
7 |
|a Fantasy comic books, strips, etc.
|2 gsafd
|
| 700 |
1 |
|
|a Chu, Amy.
|e writer.
|
| 700 |
1 |
|
|a Sanapo, Maria.
|e artist.
|
| 710 |
2 |
|
|a Library Pass, LLC.
|
| 856 |
4 |
0 |
|u http://proxy.library.tamu.edu/login?url=https://tamu.librarypass.com/product/com.iversecomics.dynamite.red.sonja.vampirella.meet.betty.veronica.seven.english.12232019
|z Connect to this electronic book (First time users create your free account)
|t 0
|
| 955 |
|
|
|a Comics Plus.
|
| 999 |
f |
f |
|s e224358d-b331-4d9e-b863-1088b06beb2e
|i 418a849c-8974-4953-8a0b-2bd03b22c79e
|t 0
|
| 952 |
f |
f |
|a Texas A&M University
|b College Station
|c Electronic Resources
|d Available Online
|t 0
|h Library of Congress classification
|
| 998 |
f |
f |
|t 0
|l Available Online
|